Normal view MARC view
  • Teatro mexicano

Entry Materia

Number of records used in: 19

001 - NÚMERO DE CONTROL DEL REGISTRO

  • campo de control: 14583

003 - IDENTIFICADOR DE NUMERO DE CONTROL

  • campo de control: MX-MxUPN

005 - FECHA Y HORA DE LA ÚLTIMA TRANSACCIÓN

  • campo de control: 20240809134805.0

008 - DATOS DE LONGITUD FIJA

  • campo de control de longitud fija: 231016nn fnnnnbabc n ana |d

035 ## - NÚMERO DE CONTROL DEL SISTEMA

  • Número de control del sistema: UPN10000014591

040 ## - FUENTE DE LA CATALOGACIÓN

  • Centro catalogador de origen: MX-MxUPN
  • Lengua de catalogación: spa

150 ## - ENCABEZAMIENTO - TEMÁTICO

  • Término de materia o nombre geográfico como elemento inicial: Teatro mexicano
  • Subdivisión cronológica: Siglo XX

670 ## - FUENTE EN LA QUE SE LOCALIZARON DATOS

  • Cita de la fuente: LC Authorities, 16 octubre 2023 :
  • Información localizada: (Mexican drama - 20th century)
  • Identificador Uniforme del Recurso: https://lccn.loc.gov/sh85084514

902 ## - CATALOGADOR

  • Catalogador: MITM/190210
  • Catalogador: VíctorGodínez/161023